|
|
|
|
| LEADER |
00709nta a2200169 i 4500 |
| 001 |
dipl4338 |
| 005 |
20130314073356.0 |
| 008 |
110620s2002 hu om 0|| zxx d |
| 040 |
|
|
|a SZTE Diploma Repozitórium
|b hun
|
| 041 |
|
|
|a zxx
|
| 100 |
1 |
|
|a Badár Frigyes
|
| 245 |
1 |
2 |
|a A hazai szőlő – bor ágazat helyzete az EU-csatlakozás tükrében
|h [elektronikus dokumentum] /
|c Frigyes Badár
|
| 260 |
|
|
|c 2002
|
| 650 |
|
4 |
|a Gazdaságtudományok
|
| 700 |
1 |
|
|a Szekeres Zsolt
|e ths
|
| 856 |
4 |
0 |
|u http://diploma.bibl.u-szeged.hu/id/eprint/4338/1/A_hazai_sz%C5%91l%C5%91_-_bor_%C3%A1gazat_helyzete_2002.pdf
|z Dokumentum-elérés
|
| 856 |
4 |
0 |
|u http://diploma.bibl.u-szeged.hu/id/eprint/4338/2/Mell%C3%A9klet.pdf
|z Dokumentum-elérés
|